| 000 | 00558nam a2200157 a 4500 | ||
|---|---|---|---|
| 001 | 000037713 | ||
| 005 | 20201002031114.0 | ||
| 008 | 121115s2012 dr a 000 0 spa d | ||
| 020 | _a9789945164954 | ||
| 040 |
_aDO-SdBNP _bspa _cBNPHU |
||
| 100 | 1 |
_aRomero, Lino _946196 |
|
| 245 | 1 | 0 |
_aViolencia intrafamiliar un enfoque socio-cultural : _bvulnerabilidad y agresión en la historia dominicana / _cLino Romero. |
| 260 |
_aSanto Domingo : _bBúho , _c2012. |
||
| 300 |
_a243 p. : _bil. ; _c23 cm. |
||
| 500 | _aBreve biografía del autor en la solapa de la portada | ||
| 999 |
_c37203 _d37203 |
||